000 00584nam a22001817a 4500
999 _c177795
_d177795
005 20210304102252.0
010 _aENG-129137
020 _c195.00
_a9789-38437-0602
035 _aEN-112669
037 _bDBAD/PUB
082 _a158.1
100 _aCarnegie, Dale
245 _aHow to Win Friends and Influence People/
_cDale Carnegie
260 _aNew Delhi
_c2016
_bManakin Press
270 _bNew Delhi
_aB-300, Okhla Industrial Area, Phase-I
_e110020
_k91-11-45328300
_mpublisher@manakinpress.com
300 _a272p.
_c22cm(pbk)
942 _2ddc
_cEN
_h158.1
_mCAR